Microsoft ASP.NET professional projects/ (Record no. 440)
[ view plain ]
| 000 -LEADER | |
|---|---|
| fixed length control field | 00532nac a22001451u 4500 |
| 020 ## - INTERNATIONAL STANDARD BOOK NUMBER | |
| International Standard Book Number | 1931841217 |
| 082 ## - DEWEY DECIMAL CLASSIFICATION NUMBER | |
| Classification number | 005.276 |
| Item number | B5754 |
| 090 ## - LOCALLY ASSIGNED LC-TYPE CALL NUMBER (OCLC); LOCAL CALL NUMBER (OCLC) | |
| -- | 440 |
| -- | 440 |
| 100 ## - MAIN ENTRY--PERSONAL NAME | |
| Personal name | Bhasin, Hersh |
| 245 ## - TITLE STATEMENT | |
| Title | Microsoft ASP.NET professional projects/ |
| Statement of responsibility, etc | hersh Bhasin |
| 260 ## - PUBLICATION, DISTRIBUTION, ETC. (IMPRINT) | |
| Place of publication, distribution, etc | USA: |
| Name of publisher, distributor, etc | Premier Press, |
| Date of publication, distribution, etc | 2002 |
| 650 ## - SUBJECT ADDED ENTRY--TOPICAL TERM | |
| Topical term or geographic name as entry element | Internet programming. |
| 942 ## - ADDED ENTRY ELEMENTS (KOHA) | |
| Item type | Book - Borrowing |
| Call number prefix | 005.276B5754 |
| Withdrawn status | Item status | Source of classification or shelving scheme | Damaged status | Not for loan | Vendor | Home library | Current library | Shelving location | Date acquired | Source of acquisition | Cost, normal purchase price | Total Checkouts | Total Renewals | Full call number | Barcode | Date last seen | Date last borrowed | Cost, replacement price | Koha item type |
|---|---|---|---|---|---|---|---|---|---|---|---|---|---|---|---|---|---|---|---|
| Dewey Decimal Classification | Central Library | Central Library | Lower Floor | 06/05/2011 | 400.00 | 1 | 6 | 005.276 BHA | 000004185 | 15/07/2025 | 07/04/2011 | 500.00 | Book - Borrowing |